书目信息 |
| 题名: |
老挝
|
|
| 作者: | 方芸 , 马树洪 编著 | |
| 分册: | ||
| 出版信息: | 北京 社会科学文献出版社 2004 |
|
| 页数: | 14,338页 | |
| 开本: | 21cm | |
| 丛书名: | 列国志 | |
| 单 册: | ||
| 中图分类: | K334.9 | |
| 科图分类: | ||
| 主题词: | 东南亚--历史 | |
| 电子资源: | ||
| ISBN: | 7-80149-938-7 | |
| 000 | 00854nam0 2200277 450 | |
| 001 | TS2006009963 | |
| 005 | 20070108163457.70 | |
| 010 | @a7-80149-938-7@dCNY25.00 | |
| 100 | @a20060829d2004 em y0chiy0120 ea | |
| 101 | 0 | @achi |
| 102 | @aCN@b110000 | |
| 105 | @aab z 000yy | |
| 200 | 1 | @a老挝@ALao Wo@f马树洪,方芸编著@FMa Shu Hong, Fang Yun Bian Zhu |
| 210 | @a北京@c社会科学文献出版社@d2004 | |
| 215 | @a14,338页@c彩图,地图@d21cm | |
| 225 | 2 | @a列国志 |
| 330 | @a老挝是中国联系东盟的重要桥梁,本书讲述了老挝国土与人民、历史、政治、经济、军事、科教及外交等状况。 | |
| 410 | 0 | @12001 @a列国志 |
| 510 | 1 | @aLaos@zeng |
| 606 | 0 | @a东南亚@x历史 |
| 607 | @a老挝@x概况 | |
| 690 | @aK334.9@v4 | |
| 701 | 0 | @a方芸@AFang Yun@c(女)@4编著 |
| 701 | 0 | @a马树洪@AMa Shu Hong@4编著 |
| 801 | 0 | @aCN@b中图数据@c20070108 |
| 905 | @a10447@dK334.9@e2 | |
| 老挝/马树洪,方芸编著.-北京:社会科学文献出版社,2004 |
| 14,338页:彩图,地图;21cm.-(列国志) |
| ISBN 7-80149-938-7:CNY25.00 |
| 老挝是中国联系东盟的重要桥梁,本书讲述了老挝国土与人民、历史、政治、经济、军事、科教及外交等状况。 |
| ● |
| 相关链接 |
|
|
|
|
正题名:老挝
索取号:K334.9/2
 
预约/预借
| 序号 | 登录号 | 条形码 | 馆藏地/架位号 | 状态 | 备注 |
| 1 | 0612652 | 206126529 | 第二样本阅览室/ [索取号:K334.9/2] | 在馆 | |
| 2 | 0612653 | 206126538 | 第二借阅区/ [索取号:K334.9/2] | 在馆 | |
| 3 | 0612654 | 206126547 | 第二借阅区/ [索取号:K334.9/2] | 在馆 | |
| 4 | 0612655 | 206126556 | 第二借阅区/ [索取号:K334.9/2] | 在馆 | |
| 5 | 0612656 | 206126565 | 第二借阅区/ [索取号:K334.9/2] | 在馆 |